[Event "V Tancat IM"]
[Site "Sabadell ESP"]
[Date "2011.02.04"]
[Round "1"]
[White "Banos,O"]
[Black "Avila Jimenez,J"]
[Result "1-0"]
[WhiteElo "2232"]
[BlackElo "2227"]

1.c4 c6 2.Nf3 d5 3.g3 Nf6 4.Bg2 dxc4 5.Qc2 Nbd7 6.Na3 Nb6 7.Nxc4 Nxc4 8.Qxc4 Be6
9.Qc2 g6 10.Ng5 Qd7 11.Nxe6 Qxe6 12.O-O Bg7 13.d4 O-O 14.e4 Rfd8 15.Rd1 Ng4
16.h3 Nf6 17.Be3 Rac8 18.Rac1 a6 19.b4 Ne8 20.Qb1 Nd6 21.a4 Nc4 22.d5 cxd5
23.exd5 Qd7 24.Bc5 Nb2 25.Re1 Re8 26.a5 Na4 27.Qd3 Bf6 28.h4 Nb2 29.Qe4 Qa4
30.Bh3 Rcd8 31.Bb6 Ra8 32.Rc7 Qb3 33.Rxb7 Nc4 34.Qb1 Qa3 35.Qc1 Qa2 36.Bc5 Ne5
37.Rd1 Nf3+ 38.Kh1 Rad8 39.Bg2 Ne5 40.Qd2 Qb3 41.Qe2 Rc8 42.Ra7 h5 43.Rxa6 Ng4
44.Rc6 Rb8 45.a6 Rxb4 46.Bxb4 Qxb4 47.d6 Kg7 48.d7 Rd8 49.Rxf6 Nxf6 50.a7  1-0

[Event "1st Open"]
[Site "Cento ITA"]
[Date "2011.02.05"]
[Round "1"]
[White "Pistone,S"]
[Black "Molina,Fa"]
[Result "0-1"]
[WhiteElo "1685"]
[BlackElo "2236"]

1.c4 c6 2.d4 d5 3.cxd5 cxd5 4.Nc3 e5 5.e4 dxe4 6.Nxe4 Bb4+ 7.Bd2 Qxd4 8.Qa4+ Nc6
9.Qc2 Bf5 10.Bd3 Bxd2+  0-1

[Event "1st Open"]
[Site "Cento ITA"]
[Date "2011.02.05"]
[Round "1"]
[White "Gaspari,M"]
[Black "Danielian,E"]
[Result "0-1"]
[WhiteElo "1951"]
[BlackElo "2454"]

1.c4 c6 2.Nf3 Nf6 3.Nc3 d5 4.e3 e6 5.b3 Nbd7 6.Be2 Bd6 7.d4 O-O 8.O-O Ne4
9.Qc2 f5 10.Bb2 Rf6 11.Ne5 Rh6 12.g3 Nxe5 13.Nxe4 Nxc4 14.Nxd6 Nxd6 15.f3 Bd7
16.Qc5 Nf7 17.Rae1 a5 18.a4 Rc8 19.Qc3 Rg6 20.Ba3 h5 21.Kf2 h4 22.Rh1 b6
23.f4 c5 24.Rc1 Rh6 25.dxc5 bxc5 26.Bxc5 hxg3+ 27.hxg3 Rxh1 28.Rxh1 Nd6 29.Bd3 Nb7
30.Ba3 Ra8  0-1

[Event "Schachbundesliga 2010-11"]
[Site "Eppingen GER"]
[Date "2011.02.05"]
[Round "8"]
[White "Vogt,L"]
[Black "Graf,F"]
[Result "1/2-1/2"]
[WhiteElo "2423"]
[BlackElo "2341"]

1.c4 c6 2.e4 e6 3.d4 d5 4.Nc3 Bb4 5.cxd5 exd5 6.e5 c5 7.Bb5+ Nc6 8.Ne2 Ne7
9.O-O O-O 10.Bxc6 Nxc6 11.dxc5 Bg4 12.f3 Bxc5+ 13.Kh1 Be6 14.f4 Bg4 15.Qe1 Qd7
16.a3 Rad8 17.Bd2 Nd4 18.Nxd4 Bxd4 19.Qg3 Bf5 20.Rad1 Bb6 21.Rfe1 Rfe8 22.h3 h6
23.Bc1 Qc6 24.Qf3 d4 25.Qxc6 bxc6 26.Ne4 Bxe4 27.Rxe4 f5 28.Ree1 c5 29.b3  1/2-1/2

[Event "Schachbundesliga 2010-11"]
[Site "Mulheim GER"]
[Date "2011.02.06"]
[Round "9"]
[White "Poldauf,D"]
[Black "Kaufeld,J"]
[Result "1/2-1/2"]
[WhiteElo "2390"]
[BlackElo "2286"]

1.c4 c6 2.Nf3 d5 3.Qc2 Nf6 4.g3 Bg4 5.Bg2 Nbd7 6.d4 e6 7.O-O Be7 8.Nbd2 O-O
9.b3 h6 10.Bb2 Bf5 11.Qc3 a5 12.a3 Re8 13.Ne5 Qb6 14.e4 dxe4 15.Nxd7 Nxd7
16.Nxe4 Nf6 17.Nd2 Rad8 18.Rfe1 Nd7 19.c5 Qa7 20.Nc4 a4 21.Qa5 Ra8 22.Qc7 Nf6
23.b4 Bd3 24.Ne3 Qb8 25.Qxb8 Raxb8 26.Rad1 Bb5 27.f4 Nd5 28.Nxd5 exd5 29.Re3 Bf6
30.Rde1 Kf8 31.Bh3 Rxe3 32.Rxe3 Re8 33.Rxe8+ Kxe8 34.Kf2 g6 35.Ke3 Bg7 36.Bc3 h5
37.Bg2 Ke7 38.Bf3 Bh6 39.Bd1 Ke6 40.h3 f5 41.Be1 Kf6 42.Bf2 Ke6 43.Kf3 Bg7
44.g4 hxg4+ 45.hxg4 Kf7 46.Bc2 Ke6 47.Kg3 Bh6 48.Be3 Bg7 49.gxf5+ gxf5 50.Kh4 Kf6
51.Bd1 Kg6 52.Bh5+ Kh6 53.Be8 Bf6+ 54.Kg3 Kg7 55.Bd7 Kg6 56.Bc8 Ba6 57.Bf2 Bd8
58.Kf3 Bf6 59.Ke3 Bd8 60.Be1 Bc7 61.Bf2 Bd8 62.Kf3 Bf6  1/2-1/2

[Event "Schachbundesliga 2010-11"]
[Site "Remagen GER"]
[Date "2011.02.06"]
[Round "9"]
[White "Ragger,M"]
[Black "Gonda,L"]
[Result "1-0"]
[WhiteElo "2628"]
[BlackElo "2550"]

1.c4 c6 2.g3 d5 3.Nf3 Bg4 4.Bg2 e6 5.O-O Nd7 6.cxd5 exd5 7.d3 Ngf6 8.h3 Bxf3
9.Bxf3 Be7 10.Nc3 d4 11.Ne4 Nxe4 12.Bxe4 a5 13.Bd2 O-O 14.Rb1 Re8 15.Bf3 Bb4
16.a3 Bxd2 17.Qxd2 Ne5 18.Bg2 a4 19.b4 axb3 20.Rxb3 Ra7 21.Rfb1 Qd7 22.a4 h5
23.Qg5 Ra5 24.Qxh5 Nc4 25.Qh4 g5 26.Qh5 Nd6 27.Rb4  1-0

[Event "Schachbundesliga 2010-11"]
[Site "Remagen GER"]
[Date "2011.02.06"]
[Round "9"]
[White "Howell,D"]
[Black "Sandipan,C"]
[Result "0-1"]
[WhiteElo "2616"]
[BlackElo "2641"]

1.c4 c6 2.e4 d5 3.exd5 cxd5 4.d4 Nf6 5.Nc3 Nc6 6.Bg5 Be6 7.a3 Qd7 8.Be2 Rd8
9.Bxf6 exf6 10.c5 g6 11.Bf3 g5 12.g3 f5 13.Nge2 f4 14.gxf4 g4 15.Bg2 Bg7
16.Nb5 O-O 17.Nd6 Ne7 18.Ng3 Nc8 19.Nxc8 Rxc8 20.Qd3 Qa4 21.Rd1 Bd7 22.O-O Bb5
23.Qb1 Bxf1 24.Bxf1 Bxd4 25.b4 Bg7 26.Nf5 Rc7 27.Rd3 b6 28.Rg3 bxc5 29.Rxg4 f6
30.Qd3 c4 31.Qg3 Qd7 32.Nxg7 Qxg4  0-1

[Event "1st Open"]
[Site "Cento ITA"]
[Date "2011.02.08"]
[Round "4"]
[White "Mogranzini,R"]
[Black "Korneev,O"]
[Result "1/2-1/2"]
[WhiteElo "2425"]
[BlackElo "2576"]

1.c4 c6 2.d4 d5 3.cxd5 cxd5 4.Nc3 Nf6 5.Bf4 Nc6 6.e3 a6 7.Bd3 Bg4 8.Nge2 e6
9.h3 Bh5 10.Rc1 Be7 11.O-O O-O  1/2-1/2

[Event "75th ch-BUL Semi-Final"]
[Site "Plovdiv BUL"]
[Date "2011.02.10"]
[Round "6"]
[White "Tsvetkov,I"]
[Black "Nikolov,J"]
[Result "1/2-1/2"]
[WhiteElo "2379"]
[BlackElo "2101"]

1.c4 c6 2.d4 d5 3.cxd5 cxd5 4.Nc3 Nf6 5.Bf4 Nc6 6.e3 a6 7.Bd3 g6 8.h3 Bg7
9.Nf3 O-O 10.O-O b5 11.Ne5 Bb7 12.Qe2 Qb6 13.a4 b4 14.a5 Qa7 15.Na4 Nxe5
16.Bxe5 Nd7 17.Bc7 Bc6 18.Bb6 Qb8 19.Bxa6 e5 20.Bb5 Rxa5 21.Bxa5 Bxb5 22.Qd2 Bxf1
23.Rxf1 Qa7 24.Bxb4 Qxa4 25.Bxf8 Nxf8 26.dxe5 Bxe5 27.b4 Qb3 28.Rd1  1/2-1/2

[Event "ch-SRB"]
[Site "Kragujevac SRB"]
[Date "2011.02.11"]
[Round "11"]
[White "Milanovic,Da"]
[Black "Lukovic,V"]
[Result "1-0"]
[WhiteElo "2517"]
[BlackElo "2234"]

1.c4 c6 2.e4 d5 3.exd5 cxd5 4.cxd5 Qxd5 5.Nc3 Qd8 6.Bc4 Nf6 7.Nf3 e6 8.O-O Be7
9.d4 O-O 10.Re1 a6 11.Bg5 b5 12.Bb3 Bb7 13.Qe2 Nbd7 14.Rad1 Nb6 15.d5 e5
16.Nxe5 Qd6 17.Nc6 Bd8 18.Nxd8 Qxd8 19.Ne4 Nbd7 20.Qf3 Bc8 21.h3 Ra7 22.Rd4 h6
23.Bh4 Qb6 24.Nxf6+ Nxf6 25.Rf4 Re8 26.Rc1 Nd7 27.Re4 Rf8 28.Be7 Rc7 29.Rxc7 Qxc7
30.Bxf8 Nxf8 31.Qc3 Qd8 32.d6 Ne6 33.Bxe6 Bxe6 34.Rxe6 fxe6 35.Qc7  1-0

[Event "ch-St Petersburg S/F 2011"]
[Site "St Petersburg RUS"]
[Date "2011.02.11"]
[Round "1.3"]
[White "Malakhov,I"]
[Black "Vunder,A"]
[Result "1-0"]
[WhiteElo "2447"]
[BlackElo "2300"]

1.c4 c6 2.g3 d5 3.Bg2 Nf6 4.Nf3 Bg4 5.Ne5 Be6 6.cxd5 Bxd5 7.Nf3 c5 8.Nc3 Bc6
9.O-O e6 10.d4 cxd4 11.Qxd4 Qxd4 12.Nxd4 Bxg2 13.Kxg2 a6 14.e4 Nbd7 15.Nf3 Bd6
16.Rd1 Bc7 17.Bg5 h6 18.Bxf6 gxf6 19.Rac1 Rc8 20.Nd4 Ba5 21.Nb3 Bc7 22.Na4 Ke7
23.Nac5 Nxc5 24.Nxc5 Rhd8 25.Nxb7 Rxd1 26.Rxd1 Be5 27.Rd2 Rc4 28.Kf3 Bc7
29.b3 Rc6 30.Kg4 Bb6 31.f4 Rc7 32.Nd6 Ba5 33.Rd3 Rc2 34.Nc4 Rxa2 35.h4 Bc7
36.Kh5 Rh2 37.Rf3 Re2 38.Kxh6 Rxe4 39.Kg7 e5 40.Ne3 Ke6 41.f5+ Kd7 42.h5 Rb4
43.h6 e4 44.Rf1 Rxb3 45.h7 Rxe3 46.h8=Q Rxg3+ 47.Kxf7  1-0

[Event "1st Open"]
[Site "Cento ITA"]
[Date "2011.02.12"]
[Round "8"]
[White "Molina,Fa"]
[Black "Lapenna,A"]
[Result "1-0"]
[WhiteElo "2236"]
[BlackElo "2137"]

1.c4 c6 2.Nf3 d5 3.d4 Nf6 4.Nc3 a6 5.e3 g6 6.Be2 b5 7.b3 Bg7 8.O-O O-O 9.Bb2 Nbd7
10.Rc1 Bb7 11.Ne1 dxc4 12.bxc4 e5 13.dxe5 Nxe5 14.cxb5 axb5 15.Qb3 Re8 16.Nf3 Ned7
17.Rfd1 Qa5 18.a3 Nc5 19.Qc2 Ne6 20.Nd2 b4 21.Nc4 Qc5 22.Na4 Qa7 23.Nab6 bxa3
24.Bxa3 Rad8 25.Qb3 Nd5 26.Nxd5 cxd5 27.Nd6 Rxd6 28.Bxd6 d4 29.Ra1 Qxa1 30.Rxa1 dxe3
31.Rd1 exf2+ 32.Kxf2 Ba8 33.Qa4 Rc8 34.h3 Bf6 35.Bf3 Bxf3 36.Kxf3 Ng5+ 37.Kf2 Kg7
38.Kg1 Rd8 39.Bc5 Rc8 40.Bd4  1-0

[Event "1st Open"]
[Site "Cento ITA"]
[Date "2011.02.12"]
[Round "8"]
[White "Salvador,R"]
[Black "Danielian,E"]
[Result "1-0"]
[WhiteElo "2533"]
[BlackElo "2454"]

1.c4 c6 2.Nf3 d5 3.e3 Nf6 4.Nc3 e6 5.b3 Nbd7 6.Qc2 b6 7.Be2 Bb7 8.Bb2 Bd6
9.g4 h6 10.Rg1 Qe7 11.h4 Ne5 12.g5 hxg5 13.hxg5 Nxf3+ 14.Bxf3 Nd7 15.cxd5 Ne5
16.Be2 cxd5 17.f4 Nc6 18.Nb5 Rc8 19.Bxg7 Nb4 20.Qb2 Rh2 21.Rc1 Rxc1+ 22.Qxc1 Qd7
23.Nxd6+ Qxd6 24.Be5 Qd7 25.f5 Rxe2+ 26.Kxe2 Qb5+ 27.Kd1 d4 28.Qc7 Bf3+ 29.Kc1 Nd3+
30.Kb1 Nxe5 31.g6 fxg6 32.Qc8+ Ke7 33.Qxe6+ Kd8 34.Rc1 Bc6 35.Qd6+ Kc8 36.exd4 Qd3+
37.Rc2 gxf5 38.Qxe5 Kb7 39.Kb2 Qf3 40.Qe7+ Kb8 41.d3 Qd5 42.Qg7 Qd6 43.Re2 Bd7
44.Qe5 Kc7 45.Rc2+ Bc6 46.Rh2 f4 47.Rh7+ Bd7 48.Rf7  1-0

[Event "1st Open"]
[Site "Cento ITA"]
[Date "2011.02.12"]
[Round "9"]
[White "Castelli,A"]
[Black "Astengo,C"]
[Result "0-1"]
[WhiteElo "1684"]
[BlackElo "2146"]

1.c4 c6 2.Nc3 d5 3.cxd5 cxd5 4.d4 Nf6 5.Nf3 Nc6 6.e3 Bf5 7.Nh4 Bd7 8.a3 e6
9.Nf3 Rc8 10.Bd3 Bd6 11.O-O O-O 12.e4 dxe4 13.Nxe4 Nxe4 14.Bxe4 f5 15.Bxc6 Bxc6
16.Ne5 Bd5 17.Qh5 Qc7 18.f4 Qc2 19.Rf2 Qb3 20.Qe2 Be4 21.Qe3 Qd1+ 22.Rf1 Qa4
23.Rf2 Rfd8 24.Bd2 Bc7 25.Bc3 Bb6 26.Rd2 Qb3 27.Qg3 Qd5 28.Rad1 Qb5 29.Kh1 Bd5
30.Re1 Rc7 31.Qd3 Qb3 32.Bb4 Qxd3 33.Rxd3 Be4 34.Rd2 Rxd4 35.Nf3 Rxd2 36.Bxd2 Rc2
37.Bc3 Rf2 38.h3 h6 39.Rd1 Rxf3 40.Kh2 Rf2 41.Rd2 Rxd2 42.Bxd2 Bd4  0-1

[Event "IV Open A"]
[Site "Gora Swietej Anny POL"]
[Date "2011.02.12"]
[Round "2.6"]
[White "Malinowski,D"]
[Black "Chojnacki,S"]
[Result "0-1"]
[WhiteElo "1784"]
[BlackElo "2249"]

1.c4 c6 2.Nf3 d5 3.cxd5 cxd5 4.d4 Nc6 5.Nc3 Nf6 6.g3 Bf5 7.Bg2 e6 8.O-O h6
9.Bf4 Be7 10.Rc1 O-O 11.Na4 Rc8 12.a3 Ne4 13.Ne5 Nxe5 14.Bxe5 Nf6 15.Qd2 b6
16.Rxc8 Qxc8 17.Rc1 Qa6 18.Nc3 Nd7 19.Bf4 g5 20.Be3 Rc8 21.f3 b5 22.Bf2 Nb6
23.e4 Bg6 24.exd5 exd5 25.Qe2 Bf6 26.Re1 Rc4 27.Qe8+ Kg7 28.Qxb5 Qxb5 29.Nxb5 Rc2
30.Nd6 Kh7 31.b4 Nc4 32.Nxc4 dxc4 33.d5 c3 34.Bxa7 Ra2 35.b5 c2 36.Be3 Rxa3
37.Bc1 Bd4+ 38.Kh1 Rd3  0-1

[Event "ch-POL"]
[Site "Warsaw POL"]
[Date "2011.02.12"]
[Round "1"]
[White "Swiercz,D"]
[Black "Stoma,P"]
[Result "1-0"]
[WhiteElo "2540"]
[BlackElo "2342"]

1.c4 c6 2.e4 d5 3.exd5 cxd5 4.cxd5 Nf6 5.Nc3 Nxd5 6.Nf3 Nc6 7.Bb5 e6 8.O-O Bd6
9.d4 h6 10.Re1 O-O 11.Bd3 Bd7 12.Bb1 Nce7 13.Qd3 f5 14.a3 Rf6 15.Bd2 Bc6
16.Ba2 Qd7 17.Re2 b5 18.Rae1 Rc8 19.Nxd5 Nxd5 20.Ne5 Bxe5 21.Rxe5 Bb7 22.f3 a6
23.Bb3 Rd8 24.Ba5 Rc8 25.Qd2 f4 26.R1e4 Qc6 27.Bxd5 exd5 28.Re1 Qc2 29.Re7 Qxd2
30.Bxd2 Rc2 31.Bb4 Bc8 32.R7e2 Bf5 33.Rxc2 Bxc2 34.Kf2 Bd3 35.Re5 Bc4 36.h4 Kf7
37.Re7+ Kg6 38.h5+ Kxh5 39.Rxg7 Re6 40.Kg1 Rf6 41.Bd2 Rg6 42.Rf7 Re6 43.Bxf4 Kg6
44.Ra7 h5 45.Be5 Rc6 46.Kf2 b4 47.axb4 Rb6 48.g4 hxg4 49.fxg4 Rxb4 50.Kg3 Rxb2
51.Kh4 Kh6 52.g5+ Kg6 53.Rg7+ Kf5 54.Rf7+ Ke6 55.Rf6+ Ke7 56.Bd6+ Kd7 57.g6 Bd3
58.g7 Bh7 59.Rh6 Bg8 60.Rh8 Be6 61.Bf4 Rg2 62.Bg5 Rg4+ 63.Kh5 Rxd4 64.Kg6 Re4
65.Ra8 d4 66.Ra7+ Kd6 67.Rxa6+ Kd7 68.Ra7+  1-0

[Event "TCh-FIN 2010-11"]
[Site "Espoo FIN"]
[Date "2011.02.13"]
[Round "7.6"]
[White "Maki Uuro,Mi"]
[Black "Pohjala,H"]
[Result "1/2-1/2"]
[WhiteElo "2336"]
[BlackElo "2245"]

1.c4 c6 2.e4 d6 3.d4 g6 4.Nc3 Bg7 5.Be3 Nf6 6.f3 O-O 7.Nge2 e5 8.Qd2 Nbd7
9.d5 cxd5 10.cxd5 a6 11.Nc1 b6 12.Nd3 Bb7 13.Be2 Qe7 14.O-O Rfc8 15.Rfc1 Qd8
16.Nb4 Nc5 17.Qe1 b5 18.Rd1 Nfd7 19.a4 bxa4 20.Nxa4 Nb3 21.Ra3  1/2-1/2

[Event "ch-SRB"]
[Site "Kragujevac SRB"]
[Date "2011.02.13"]
[Round "13"]
[White "Damljanovic,B"]
[Black "Pikula,D"]
[Result "1-0"]
[WhiteElo "2555"]
[BlackElo "2537"]

1.c4 c6 2.d4 d5 3.e3 Nf6 4.Nc3 g6 5.Nf3 Bg7 6.Bd3 O-O 7.O-O Bg4 8.h3 Bxf3
9.Qxf3 dxc4 10.Bxc4 Nbd7 11.Rd1 Re8 12.e4 e5 13.d5 c5 14.a4 a6 15.a5 Bf8
16.d6 h6 17.Nd5 Nxd5 18.Bxd5 Qf6 19.Ra3 Rab8 20.Qg4  1-0

[Event "G-TEAM Open"]
[Site "Novy Bor CZE"]
[Date "2011.02.13"]
[Round "2"]
[White "Golcman,E"]
[Black "Jiruse,J"]
[Result "1-0"]
[WhiteElo "2298"]
[BlackElo "2068"]

1.c4 c6 2.Nf3 Nf6 3.g3 g6 4.Bg2 Bg7 5.O-O O-O 6.d4 d6 7.Nc3 Re8 8.e4 Bg4
9.Be3 Nbd7 10.Qb3 Bxf3 11.Bxf3 Qc7 12.h3 e5 13.Rad1 exd4 14.Bxd4 Nc5 15.Qc2 Ne6
16.Be3 Nd7 17.Bg2 Ne5 18.b3 Qa5 19.Ne2 c5 20.Rxd6 Nc6 21.Rd2 Ned4 22.Bxd4 Nxd4
23.Nxd4 Bxd4 24.Kh2 Rad8 25.Rfd1 Rd7 26.f4 Red8 27.Rd3 b5 28.e5 bxc4 29.bxc4 Rb8
30.Rb3 Rdd8 31.Bd5 Kg7 32.Rdb1 Rb6 33.Rxb6 axb6 34.Qe2 Re8 35.h4 Re7 36.h5 Ra7
37.hxg6 hxg6 38.Kh3 Qxa2 39.Qxa2 Rxa2 40.Rxb6 Ra7 41.Kg4 Bf2 42.Kf3 Bd4 43.Rb3 g5
44.Ke4 Re7 45.Kf5 f6 46.exf6+ Bxf6 47.Rb6  1-0

[Event "IV Open A"]
[Site "Gora Swietej Anny POL"]
[Date "2011.02.14"]
[Round "4.18"]
[White "Malinowski,D"]
[Black "Olszowski,A"]
[Result "1-0"]
[WhiteElo "1784"]
[BlackElo "1783"]

1.c4 c6 2.d4 d5 3.Nf3 e6 4.Qc2 f5 5.e3 Nf6 6.Bd3 Bd6 7.b3 Ne4 8.O-O Nd7 9.Ba3 Bxa3
10.Nxa3 Qe7 11.Qb2 O-O 12.b4 b6 13.Rfc1 Bb7 14.Nc2 Rfc8 15.a4 a6 16.a5 b5
17.cxb5 cxb5 18.Nce1 Nd6 19.Be2 Nc4 20.Qb3 Nf6 21.Nd3 Ne4 22.Nc5 Bc6 23.Rd1 Be8
24.Ne1 g5 25.Ned3 Bg6 26.Nxe4 fxe4 27.Nc5 Rf8 28.Qc3 h5 29.Rab1 g4 30.Bxc4 dxc4
31.d5 exd5 32.Rxd5 Qf7 33.Rd2 Qf6 34.Qxf6 Rxf6 35.Re1 Bf5 36.Kf1 Raf8 37.Rc1 h4
38.Kg1 Re8 39.Rd4 Kg7 40.Rcd1 Kf7 41.Nb7 Kg7 42.Nd6 Ree6 43.Nb7 Re8  1-0

[Event "ch-ROU Men"]
[Site "Sarata Monteoru ROU"]
[Date "2011.02.15"]
[Round "5.6"]
[White "Nanu,C"]
[Black "Gilea,L"]
[Result "1-0"]
[WhiteElo "2526"]
[BlackElo "2285"]

1.c4 c6 2.d4 d5 3.Nf3 Nf6 4.e3 Bf5 5.Nc3 e6 6.Nh4 Bg6 7.g3 Nbd7 8.Nxg6 hxg6
9.Qe2 a6 10.Bg2 b5 11.c5 a5 12.O-O Be7 13.f4 Qc7 14.Bd2 Qb7 15.a3 Qa6 16.g4 Qb7
17.g5 Ng8 18.e4 b4 19.exd5 exd5 20.axb4 axb4 21.Na2 b3 22.Nc3 Kf8 23.Rae1 Re8
24.Qf2 Bd8 25.Rxe8+ Kxe8 26.f5 Ne7 27.fxg6 f6 28.Qe2 Kf8 29.Qg4 f5 30.Qe2 Qb8
31.h3 Ba5 32.Qe6 Qe8 33.Bf4 Bxc3 34.bxc3 Rh5 35.Rb1 Nxg6 36.Bd6+ Ne7 37.Re1  1-0

[Event "16th Lienz-Open 2011"]
[Site "Lienz AUT"]
[Date "2011.02.16"]
[Round "6"]
[White "Okhotnik,V"]
[Black "Schnider,G"]
[Result "1-0"]
[WhiteElo "2428"]
[BlackElo "2349"]

1.c4 c6 2.e4 d5 3.exd5 cxd5 4.d4 Nf6 5.Nc3 Nc6 6.Bf4 Bg4 7.f3 Bf5 8.c5 e5
9.Bxe5 Nxe5 10.dxe5 Nd7 11.Qxd5 Bxc5 12.Bd3 Bxd3 13.Qxd3 O-O 14.f4 Qb6 15.O-O-O Rfd8
16.Qf1 Qg6 17.Qf3 Nb6 18.Nge2 Nc4 19.Qe4 Qa6 20.Rxd8+ Rxd8 21.Rd1 Rc8 22.Rd7 Be3+
23.Kd1 Nxb2+ 24.Ke1 Bb6 25.e6 fxe6 26.Qe5  1-0

[Event "ch-ROU Women"]
[Site "Sarata Monteoru ROU"]
[Date "2011.02.16"]
[Round "5.1"]
[White "Foisor,C"]
[Black "Anusca,M"]
[Result "1-0"]
[WhiteElo "2405"]
[BlackElo "2029"]

1.c4 c6 2.Nc3 d5 3.e3 Nf6 4.Nf3 g6 5.cxd5 cxd5 6.Bb5+ Bd7 7.Qb3 e6 8.Ne5 Nc6
9.d4 Qc7 10.Bd2 a6 11.Bxc6 bxc6 12.O-O Bd6 13.Na4 Rb8 14.Qc2 c5 15.Nxc5 Bxe5
16.dxe5 Ne4 17.b4 Bb5 18.Rfc1 Nxd2 19.Qxd2 Qxe5 20.a4 Bc4 21.f4 Qf6 22.Rab1 Qe7
23.e4 O-O 24.exd5 exd5 25.Re1 Qa7 26.Qd4 Rfe8 27.a5 Re7 28.Re3 Rbe8 29.Rbe1 Qc7
30.Kf2 Qd6 31.g3 h6 32.Ne4 Rxe4 33.Rxe4 Rxe4 34.Rxe4 Qb8 35.Re7 Qd8 36.Qe5 Bb5
37.Rb7 f6 38.Qe6+  1-0

[Event "ch-POL Women"]
[Site "Warsaw POL"]
[Date "2011.02.17"]
[Round "6"]
[White "Worek,J"]
[Black "Kulon,K"]
[Result "0-1"]
[WhiteElo "2274"]
[BlackElo "2220"]

1.c4 c6 2.Nf3 d5 3.e3 Nf6 4.b3 Bf5 5.Be2 Nbd7 6.Bb2 h6 7.d3 e6 8.O-O Bd6
9.Nc3 O-O 10.Rc1 Qe7 11.Re1 Bh7 12.Bf1 Rfd8 13.cxd5 cxd5 14.Nb5 Bb4 15.Bc3 a6
16.Nbd4 e5 17.Bxb4 Qxb4 18.Ne2 Rac8 19.d4 exd4 20.Nexd4 Qa3 21.Rxc8 Rxc8
22.Qa1 Nb6 23.h3 Ne4 24.Ne2 Nc5 25.Nf4 Ne6 26.Nxe6 fxe6 27.Qe5 Qe7 28.Nd4 Kf7
29.Be2 Qf6 30.Qd6 e5 31.Qxf6+ gxf6 32.Nf3 Rc2 33.h4 Rxa2 34.Nh2 Rb2 35.Ng4 h5
36.Nh2 Bg6 37.Nf1 Rxb3 38.Rc1 Nd7 39.Rc7 Ke7 40.g4 Kd8 41.Rc1 hxg4 42.Rd1 Nb6
43.Kg2 f5 44.e4 f4 45.Bxg4 Bxe4+ 46.f3 Bh7 47.Be6 Rb1  0-1

[Event "16th Lienz-Open 2011"]
[Site "Lienz AUT"]
[Date "2011.02.19"]
[Round "9"]
[White "Okhotnik,V"]
[Black "Hartl,D"]
[Result "1-0"]
[WhiteElo "2428"]
[BlackElo "2242"]

1.c4 c6 2.e4 d5 3.exd5 cxd5 4.d4 Nf6 5.Nc3 Nc6 6.Bf4 Bg4 7.f3 Bf5 8.g4 Bg6
9.h4 h6 10.h5 Bh7 11.c5 e5 12.Bxe5 Nxe5 13.dxe5 Bxc5 14.exf6 O-O 15.Bd3 Bxd3
16.Qxd3 Re8+ 17.Nge2 Re3 18.Qxd5 Qc7 19.O-O-O Rc8 20.Kb1 b5 21.Nc1  1-0

[Event "ch-St Petersburg S/F 2011"]
[Site "St Petersburg RUS"]
[Date "2011.02.19"]
[Round "9.2"]
[White "Maevsky,N"]
[Black "Bazeev,G"]
[Result "0-1"]
[WhiteElo "2305"]
[BlackElo "2331"]

1.c4 c6 2.d4 d5 3.Nf3 Nf6 4.e3 e6 5.b3 Nbd7 6.Bb2 Bd6 7.Bd3 O-O 8.O-O Qe7
9.Ne5 c5 10.Nd2 b6 11.Qf3 cxd4 12.exd4 Bb7 13.Qh3 h6 14.Rad1 Rad8 15.f4 Ne4
16.cxd5 Nxd2 17.Rxd2 Bxd5 18.f5 Qg5 19.Re2 Nxe5 20.dxe5 Bc5+ 21.Kh1 exf5
22.Bxf5 Be6 23.Bxe6 fxe6 24.Qxe6+ Kh8 25.Rb1 Rf4 26.Qh3 Rh4 27.Qc3 Qh5 28.g4 Rxg4
29.Rf1 Qg6 30.Qe1 Qc6+ 31.Rg2 Qxg2+  0-1

[Event "ch-POL"]
[Site "Warsaw POL"]
[Date "2011.02.19"]
[Round "8"]
[White "Jakubowski,K"]
[Black "Sadzikowski,D"]
[Result "1/2-1/2"]
[WhiteElo "2502"]
[BlackElo "2389"]

1.c4 c6 2.Nf3 d5 3.e3 Nf6 4.Nc3 g6 5.b3 Bg7 6.Bb2 O-O 7.Be2 Bg4 8.h3 Bxf3
9.Bxf3 a6 10.O-O b5 11.cxd5 cxd5 12.a4 b4 13.Ne2 Nc6 14.Nd4 Na5 15.Be2 Qd6
16.Rc1 Rfc8 17.Rxc8+ Rxc8 18.Qb1 Ne4 19.Rc1 Rc5 20.Rd1 Rc7 21.Nc2 e5 22.Na1 Rc6
23.Bf3 Ng5 24.Be2 Ne6 25.Rc1 Nc5 26.Bd1 f5 27.d4 exd4 28.exd4 Ne4 29.Rxc6 Qxc6
30.Qd3 Nc3 31.Bf3 Qb6 32.Bxc3 bxc3 33.Bxd5+ Kf8 34.Nc2 Nxb3 35.Qxc3 Nxd4
36.Qc8+ Ke7 37.Ne3 Ne2+ 38.Kh2 Be5+ 39.g3 Bxg3+ 40.Kg2 Bc7 41.Qg8 Qf6 42.Qxh7+ Kd6
43.Ba8 Nf4+ 44.Kh1 Qa1+ 45.Kh2 Qa2 46.Qh4 Ke6 47.Kg1 Qa1+ 48.Nf1 Qg7 49.Kh1 Qa1
50.Kg1 Qxa4 51.Qh8 Qd7 52.Bb7 Be5 53.Qg8+ Kf6 54.Qf8+ Qf7 55.Qh8+ Qg7 56.Qd8+ Qe7
57.Qxe7+ Kxe7 58.Bxa6 Nxh3+ 59.Kg2 Nf4+ 60.Kh1 Nd5 61.Bb7 Nb6 62.Nd2 Bc3
63.Nf3 Kf6 64.Kg2 Nd7 65.Ng1 Nc5 66.Bc8 Ke7 67.Ne2 Be5 68.f4 Bb2 69.Kf3 Kf6
70.Ke3 Kg7 71.Kf3 Kf7 72.Ke3 Kf6 73.Kf3 Ba3 74.Ke3 Bb4 75.Kd4 Na4 76.Bb7 Nb6
77.Bc6 Bd2 78.Kd3 Be1 79.Ke3 Nc4+ 80.Kd3 Nd6 81.Ke3 Nf7 82.Ba4 Nh6 83.Kf3 Bd2
84.Be8 Ng8 85.Nd4 Ne7 86.Nb3 Bb4 87.Nd4 Bc3 88.Ne2 Bd2 89.Ng1 Nd5 90.Nh3 Nc7
91.Ba4 Ne6 92.Be8 Nd4+ 93.Kg3 Be1+ 94.Kg2 Bd2 95.Kg3 Kg7 96.Ba4 Kh6 97.Bd1 Nb5
98.Bf3 Nc3 99.Bb7 Ne4+ 100.Kf3 Nd6 101.Bd5 Kh5 102.Ng5 Nb5 103.Ne6 Bb4 104.Bc6 Nd6
105.Bd5 Ne8 106.Nd4 Bc5 107.Nxf5  1/2-1/2

[Event "TCh-HUN 2010-11"]
[Site "Budapest HUN"]
[Date "2011.02.20"]
[Round "6"]
[White "Emodi,B"]
[Black "Metaxasz,V"]
[Result "1-0"]
[WhiteElo "2369"]
[BlackElo "2140"]

1.c4 c6 2.Nf3 d5 3.b3 Nf6 4.Bb2 Bf5 5.g3 e6 6.Bg2 Nbd7 7.O-O Be7 8.d3 O-O
9.Nbd2 a5 10.a3 Qc7 11.Qc2 h6 12.Rab1 Rfc8 13.Rfc1 Qd8 14.b4 axb4 15.axb4 Ra2
16.Qb3 Rca8 17.Ra1 Rxa1 18.Rxa1 Rxa1+ 19.Bxa1 Qb6 20.Bc3 Bg6 21.Qa4 Kh7 22.h3 Qc7
23.Qa1 Qb6 24.c5 Qc7 25.Qa7 Ne8 26.d4 Qc8 27.Bf1 Bd8 28.e3 Bc7 29.b5 Bb8
30.Qa4 cxb5 31.Bxb5 Nef6 32.Qa8 Be4 33.Bb2 Bxf3 34.Nxf3 e5 35.dxe5 Qxc5 36.Qxb7 Ne4
37.Bxd7 Nxg3  1-0

[Event "TCh-HUN 2010-11"]
[Site "Budapest HUN"]
[Date "2011.02.20"]
[Round "6"]
[White "Bors,T"]
[Black "Bakos,B"]
[Result "1-0"]
[WhiteElo "2253"]
[BlackElo "2390"]

1.c4 c6 2.Nf3 d5 3.e3 Nf6 4.d4 Bf5 5.Nbd2 e6 6.Be2 Nbd7 7.O-O Bd6 8.b3 h6
9.Bb2 Qc7 10.c5 Be7 11.b4 O-O 12.Rc1 b5 13.Nb3 Ne4 14.Ne5 Bh7 15.f3 Nef6
16.Bd3 Nxe5 17.dxe5 Bxd3 18.Qxd3 Nd7 19.f4 Rfe8 20.Rf3 f6 21.Nd4 Bf8 22.Qg6 fxe5
23.Nxe6 Qc8 24.Rg3 Re7 25.f5 Kh8 26.Rh3 Qe8 27.Qg4 Nf6 28.Qg3 Rxe6 29.fxe6 Qxe6
30.Qxe5 Qxe5 31.Bxe5 Nd7 32.Bd4 Kg8 33.Rg3 Re8 34.Rg6 Nb8 35.Rf1 a6 36.h4 Re4
37.Rf4 Re8 38.Rfg4 Re7 39.Rxh6  1-0

[Event "49th TCh-DEN XtraCon 2010-11"]
[Site "Denmark DEN"]
[Date "2011.02.20"]
[Round "7.4"]
[White "Nielsen,PE1"]
[Black "Christensen,To"]
[Result "1-0"]
[WhiteElo "2243"]
[BlackElo "2366"]

1.c4 c6 2.g3 d5 3.Bg2 e6 4.Nf3 Bd6 5.b3 Ne7 6.Bb2 O-O 7.O-O Nd7 8.d3 Qc7
9.Nc3 Ng6 10.Rc1 dxc4 11.bxc4 Nde5 12.Ne4 Nxf3+ 13.Bxf3 Be7 14.Qb3 e5 15.Ba3 f5
16.c5+ Rf7 17.Nd6 Bxd6 18.cxd6 Qb6 19.Qa4 Be6 20.Rb1 Qd8 21.Rb2 a5 22.Qc2 Rc8
23.Bc5 b5 24.Qc3 b4 25.Qd2 Bd5 26.e4 fxe4 27.Bxe4 Nf8 28.Qe3 Nd7 29.a3 b3
30.a4 Rf6 31.Ba3 Bxe4 32.dxe4 c5 33.Qxb3+ Kh8 34.Rd1 Rc6 35.Rbd2 Qb6 36.Qd5 Rc8
37.Rb2 Qd8 38.Rb7 Rb8 39.Rc7 Nb6 40.Qxe5 Nxa4 41.Qe7  1-0

[Event "US Amateur Team-ch East"]
[Site "Parsippany USA"]
[Date "2011.02.20"]
[Round "4"]
[White "Vigorito,D"]
[Black "Miller,D"]
[Result "1-0"]
[WhiteElo "2405"]
[BlackElo "2261"]

1.c4 c6 2.d4 d5 3.Nf3 Nf6 4.Nc3 e6 5.Bg5 dxc4 6.e4 b5 7.e5 h6 8.Bh4 g5 9.Nxg5 hxg5
10.Bxg5 Nbd7 11.g3 Bb7 12.Bg2 Qb6 13.exf6 O-O-O 14.O-O c5 15.d5 b4 16.Na4 Qb5
17.a3 exd5 18.axb4 cxb4 19.Bf4 Nc5 20.Nxc5 Bxc5 21.h4 Bc6 22.Re1 Kb7 23.Re7+ Bxe7
24.fxe7 Ra8 25.Qd4 a5 26.Qe5 a4 27.b3 Qb6 28.bxc4 d4 29.c5 Qa5 30.Rxa4  1-0

[Event "3rd Batavia-Grolsch"]
[Site "Amsterdam NED"]
[Date "2011.02.22"]
[Round "5"]
[White "Hertneck,G"]
[Black "Ris,R"]
[Result "1-0"]
[WhiteElo "2542"]
[BlackElo "2418"]

1.c4 c6 2.d4 d5 3.Nf3 Nf6 4.Qc2 dxc4 5.Qxc4 Bf5 6.g3 e6 7.Bg2 Nbd7 8.O-O Be7
9.e3 O-O 10.Rd1 Qc7 11.Nc3 Rac8 12.b3 Ne4 13.Nxe4 Bxe4 14.Bb2 Rfd8 15.Qe2 Bf6
16.Nd2 Bxg2 17.Kxg2 c5 18.Ne4 cxd4 19.Rac1 Qa5 20.Rxc8 Rxc8 21.Nxf6+ Nxf6
22.Rxd4 Rd8 23.Ra4 Qd5+ 24.e4 Qc5 25.Ba3 Qb6 26.Be7 Rd7 27.Rb4 Qa5 28.Rb5 Qa6
29.Bxf6 gxf6 30.Qg4+ Kf8 31.Rh5 Qxa2 32.Rxh7 Ke7 33.Qg8 Kd6 34.Qf8+ Kc6 35.Rxf7 Rxf7
36.Qxf7 Qxb3 37.Qxf6 b5 38.h4 Qd1 39.Qxe6+ Kc5 40.Qe5+ Kc4 41.h5 Qd8  1-0